| 000 | 00603nam a22001817a 4500 | ||
|---|---|---|---|
| 003 | OSt | ||
| 008 | 260630b |||||||| |||| 00| 0 eng d | ||
| 020 | _a9789353874124 | ||
| 082 |
_a631.585 _bG13H |
||
| 100 | _aGaikwad, Dinkar J | ||
| 245 | _aHydroponics The Future of Agriculture/ by Dinkar J Gaikwad, Santosh DT and Sagar Maitra | ||
| 260 |
_aDelhi : _b Satish Serial Publishing House, _c2026. |
||
| 300 | _avii, 201 p. | ||
| 650 | _a Technology (Applied Sciences) | Agriculture and Related Technologies | Hydroponics | ||
| 700 | _aSantosh DT | ||
| 700 | _aMaitra, Sagar | ||
| 942 |
_2ddc _cBK |
||
| 999 |
_c52498 _d52498 |
||